Political communication ethics. Theory and practice

Salvato in:
Dettagli Bibliografici
Altri autori: Loge, Peter (Redattore)
Natura: Sconosciuto
Lingua:inglese
Pubblicazione: Maryland, USA. Rowman & Littlefield, 2021
Soggetti:
Tags: Aggiungi Tag
Nessun Tag, puoi essere il primo ad aggiungerne!!

MARC

LEADER 00000 a2200000 4500
003 CL-VaPUC
005 20220107130449.0
008 211213b2021 ||||| |||| 00| 0 eng d
999 |c 434331  |d 434329 
020 |a 978-1-5381-2997-5 
040 |c Pontificia Universidad Católica de Valparaíso 
082 7 |a 172 LOG 2021  |2 22 
100 |a Loge, Peter  |9 865221  |e editor 
245 |a Political communication ethics.   |b Theory and practice 
260 |a Maryland, USA.  |b Rowman & Littlefield,  |c 2021 
300 |a 268 páginas 
583 |k Sebastián Perez  |c 20211213 
650 |a Comunicación en política   |x Aspectos morales y éticos  |9 865550 
942 |2 ddc  |c BK 
952 |0 0  |1 0  |2 ddc  |4 0  |6 172_000000000000000_LOG_2021  |7 0  |8 A  |9 579535  |a BIBCUR  |b BIBCUR  |d 2021-12-13  |e 155  |g 51896.25  |i 5628547  |o 172 LOG 2021  |p 5628547  |r 2025-04-22  |t 1  |v 51896.25  |w 2021-12-13  |y BK  |k PER